000 00897ncm a22002535a 4500
001 C00011479c
005 20241029143126.0
008 950810s1891 ddrmtb n 1 ger d
080 _a782.1 Genoveva .086.1
100 1 _aSchumann, Robert (
_d1810-1856)
_98457
245 1 0 _aOuverture zur Oper Genoveva, op. 81 /
_cvon Robert Schumann.
254 _a[Kleine Partitur].
260 _aLeipzig :
_bErnst Eulenburg,
_c[d. 1891]
300 _aPartitura (80 p.) ;
_c19 cm.
490 0 _aEulenburg's kleine Orchester Partitur Ausgabe. Ouverturen ;
_v47
500 _aN. pl. : E.E. 3747.
500 _aFecha de publicación tomada de "The new Grove dictionary of music and musicians", vol. 6, Stanley Sadie 1980.
500 _aLegado Pérez Casas.
650 _aÓperas-
_vPartes (Música)
_981795
650 1 4 _aOberturas.
_910673
852 4 _jM-2392
999 _c11270
_d11270